000 00487nam a2200181 a 4500
001 1767004499560
003 YourLibrary
005 20260102153919.0
008 251229s2009##################000#0#eng##
020 _a9780521518741
082 0 4 _a294.509
_bWIL
100 1 _aWillis, Michael,
_eauthor.
245 1 0 _aThe Archaeology of Hindu Ritual :
260 _bCambridge University Press,
_c2009.
650 0 _aReligion.
942 _cENGLISH
040 _aYourLibrary
_beng
_cYourLibrary
999 _c606775
_d606775